000 00712nam a2200205Ii 4500
003 JO-AjNU
008 230605s9999||||xx |||||||||||||| ||und||
017 _a1974/1998
040 _aJO-AjNU
_bara
_erda
_cJO-AjNU
041 _aara
050 1 4 _aKRM3745.Z3322.1974
100 3 _aزغلول، إسكندر سعد,
_eauthor
_919424
245 0 0 _aقاضى التنفيذ : علما - وعملا
264 3 1 _aالقاهرة : دار الفكر العربى ، 1974
300 _a411ص
336 _atext
_btxt
_2rdacontent
337 _aunmediated
_bn
_2rdamedia
338 _avolume
_bnc
_2rdacarrier
650 4 _aأحكام قضائية -- مصر-- محاكم -- مصر-- قضاء -- مصر -- تاريخ
_919425
999 _aA6408
_c9976
_d9976